01260nam a2200313 a 4500001001200000003000800012006001900020007001500039008004100054010001700095020003100112040002100143035002100164050002700185082001700212100003500229245009800264260004300362300002400405504005100429533015200480650004600632650005800678650002100736655002900757710001700786856012600803999001700929ebr10232603CaPaEBRm u cr cn|||||||||071026s2007 njua sb 001 0 eng  z 2007044553 z9780470510827 (alk. paper) aCaPaEBRcCaPaEBR a(OCoLC)60862258614aTK7868.T5b.K56 2007eb04a621.38152221 aKinniment, D. J.q(David John)10aSynchronization and arbitration in digital systemsh[electronic resource] /cDavid Kinniment. aHoboken, NJ :bJ. Wiley & Sons,c2007. axvi, 263 p. :bill. aIncludes bibliographical references and index. aElectronic reproduction.bPalo Alto, Calif. :cebrary,d2013.nAvailable via World Wide Web.nAccess may be limited to ebrary affiliated libraries. 0aTiming circuitsxDesign and construction. 0aDigital integrated circuitsxDesign and construction. 0aSynchronization. 7aElectronic books.2local2 aebrary, Inc.40uhttp://site.ebrary.com/lib/rucke/Doc?id=10232603zAn electronic book accessible through the World Wide Web; click to view c37493d37493